000 00518nam a2200193Ia 4500
005 20250326142216.0
008 250326s9999 xx 000 0 und d
020 _a81-212-0109-8
037 _aTextbook
040 _aFMSL
_beng
_cFMSL
041 _aeng
_2eng
084 _aX:5.44 M8
_qFMSL
100 _aJoseph Abrahan
_9745736
245 0 _aIndia's trade with Japan
_cJoseph Abrahan
260 _aDelhi
_bDelhi, Gian
_c1988
300 _a248p
942 _cTB
_hX:5.44 M8
999 _c1293939
_d1293939